| 000 | 00413nam a2200181Ia 4500 | ||
|---|---|---|---|
| 001 | 8717 | ||
| 005 | 20260306160630.0 | ||
| 008 | 260306t2006||||xx |||||||||||||| ||spa|| | ||
| 041 | _aESP | ||
| 082 |
_a371.3 _bJ79 2006 |
||
| 100 |
_aJoyce, Bruce _eAUT |
||
| 245 | 0 | _aModelos de enseñanza | |
| 260 | _c2006 | ||
| 300 |
_a605 páginas : _c23 cm. |
||
| 650 | _aGEN | ||
| 654 | _aCED | ||
| 942 |
_cLIB _dJUS _fJUS _2ddc _n |
||
| 999 |
_c8717 _d8717 |
||